000 01197nam a22003731i 4500
999 _c1367
_d1367
001 020577883
003 UkOxU
005 20221228170921.0
008 160120s2016 enka j 001|0|eng|d
015 _aGBB633621
_2bnb
016 7 _a017765292
_2Uk
020 _a9781407163918 (pbk.) :
035 _a(Uk)017765292
040 _aStDuBDS
_beng
_erda
_cStDuBDS
_dUk
_dKH8
042 _aukblsr
082 0 4 _a940.53 DEA
_223
100 1 _aDeary, Terry,
_eauthor.
245 1 0 _aWoeful Second World War /
_cTerry Deary ; illustrated by Martin Brown.
250 _aNew edition.
264 1 _aLondon :
_bScholastic,
_c2016.
300 _a1 volume :
_billustrations (black and white) ;
_c20 cm.
336 _atext
_2rdacontent
336 _astill image
_2rdacontent
337 _aunmediated
_2rdamedia
338 _avolume
_2rdacarrier
490 0 _aHorrible histories
500 _aIncludes index.
500 _aFormerly CIP.
_5Uk
650 0 _aWorld War, 1939-1945
_vJuvenile literature.
650 0 _aWorld War, 1939-1945
_xSocial aspects
_zGreat Britain
_vJuvenile literature.
700 1 0 _aBrown, Martin,
_d1959-
_eillustrator.
942 _2ddc
_cNFIC